PCR-based detection of Listeria monocytogenes in dairy foods (Record no. 64657)

MARC details
000 -LEADER
fixed length control field 00401nam a2200157Ia 4500
100 ## - MAIN ENTRY--AUTHOR NAME
Personal name Sood S K
245 #0 - TITLE STATEMENT
Title PCR-based detection of Listeria monocytogenes in dairy foods
260 ## - PUBLICATION, DISTRIBUTION, ETC. (IMPRINT)
Name of publisher Current Science
Year of publication 1996
300 ## - PHYSICAL DESCRIPTION
Number of Pages 449-456
650 ## - SUBJECT ADDED ENTRY--TOPICAL TERM
Topical Term Dairy foods
650 ## - SUBJECT ADDED ENTRY--TOPICAL TERM
Topical Term Listeria monocytogenes
650 ## - SUBJECT ADDED ENTRY--TOPICAL TERM
Topical Term PCR
700 ## - ADDED ENTRY--PERSONAL NAME
Personal name Kaur J
942 ## - ADDED ENTRY ELEMENTS (KOHA)
Koha item type Journals
Holdings
Withdrawn status Lost status Damaged status Not for loan Home library Current library Shelving location Date acquired Serial Enumeration / chronology Koha item type
      Journals RRII Library RRII Library PCR 17/12/2021 Volume 71, Issue 6 Journals